Score 0/20 Timer 04:00
0 Plays Today
Song Missing Word % Correct
I'd Do Anything For Love (But I Won't Do _____)That
94.8%
If Wishes Came _____True
93.9%
Little Miss Honky _____Tonk
90.6%
Praying For _____Time
90.5%
King Of Wishful _____Thinking
89%
I'll Be _____There
84.8%
Doo Wop (That _____)Thing
80.2%
I'm Your Baby _____Tonight
79.9%
Nuthin' But A 'G' _____Thang
77.3%
What It _____Takes
70.4%
Song Missing Word % Correct
Hold You _____Tight
68.2%
Human _____Touch
52.3%
Fake Plastic _____Trees
43.6%
Downtown _____Train
42.2%
Policy Of _____Truth
41%
Keep It _____Together
39.3%
Move _____This
32.3%
Pink _____Triangle
25.6%
One More _____Try
24.9%
Bitter _____Tears
22%

Today's Daily Dose

Remove Ads.
Support Sporcle.
Get the best of Sporcle when you Go Orange. This ad-free experience offers more features, more stats, and more fun while also helping to support Sporcle. Thank you for becoming a member.

You're not logged in!

Compare scores with friends on all Sporcle quizzes.
OR
Log In

Show Comments

Extras

Top Quizzes Today


Score Distribution

Your Account Isn't Verified!

In order to create a playlist on Sporcle, you need to verify the email address you used during registration. Go to your Sporcle Settings to finish the process.

Report this User

Report this user for behavior that violates our Community Guidelines.

Details: